000 01025 a2200181 4500
003 Nust
005 20221221192325.0
040 _cNust
082 _a621.3825,SCR
100 _aScroggie, M. G.
_979919
245 _aFoundations of Wireless /
_cM. G. Scroggie
250 _a5th ed.
260 _aLondon
_bIliffe
_c1951
300 _a321p.
505 _aA General View (Page-11), Elementary Electrical Notions (Page-23), Capacitance (Page-36), Inductance (Page-56), Alternating Currents (Page-65), Capacitance in A.C ( Page-75), Indicate A.C circuit (Page-93), The Tuned Circuit (Page-101), Valves (Page-117), Oscillations (Page-131), The Sender (Page-141), Radiation and Arials (Page-155), Detection (Page-169), The Single Valve Receiver (Page-188), Radio Frequency (Page-201), Selectivity (Page-220),, The Superheterodyne (Page-230), Audio Frequency Circuits (Page-248), Power Supplies (Page-279), Cathode Ray Tubes (Page-292), Transmissions Line Page-303).
650 _aTelecommunication engineering
942 _2ddc
_cBK
999 _c182933
_d182933